Managing supply chains : a logistics approach with student CD

Сохранить в:
Библиографические подробности
Другие авторы: Langley, C. John
Формат:
Опубликовано: Australia : South-Western/Cengage learning, c2009.
Редактирование:8th ed.
Предметы:
Метки: Добавить метку
Нет меток, Требуется 1-ая метка записи!

MARC

LEADER 00000nam a2200000 4500
005 20251006141812.0
020 |a 9780324662672  |c TZS 45,480/= 
040 |a MCCL  |b eng.  |e AACR 2nd rev. ed. 
082 |a 658.72 MAN 
245 |a Managing supply chains :  |b a logistics approach with student CD  |c / C. John Langley... (et al.) 
250 |a 8th ed. 
260 |a Australia :  |b South-Western/Cengage learning,  |c c2009. 
300 |a xxvii, 652 p.:  |b ill.;  |c 26cm 
504 |a Includes index 
546 |a eng. 
650 |a Supply chain management 
650 |a Logistics 
700 |a Langley, C. John  
942 |c BK 
999 |c 12114  |d 12114